[Event "Porto Carras Summer Cup"]
[Site "Porto Carras - Greece"]
[Date "2008.07.18"]
[Round "8.1"]
[White "Kanakaris, G"]
[Black "Mihailidis, A"]
[Result "1-0"]
[WhiteElo "2284"]
[BlackElo "2265"]
[PlyCount "51"]
[EventDate "2008.07.12"]

1. d4 d5 2. c4 e6 3. Nc3 c6 4. Nf3 Nf6 5. Bg5 Nbd7 6. e3 Qa5 7. cxd5 Nxd5 8.
Qd2 Bb4 9. Rc1 f6 10. Bh4 e5 11. Bd3 exd4 12. exd4 O-O 13. O-O N7b6 14. Qc2 h6
15. Bg3 Ne7 16. Nh4 g5 17. Ng6 Nxg6 18. Bxg6 Kg7 19. h4 Bxc3 20. bxc3 gxh4 21.
Bxh4 Be6 22. Qd3 f5 23. Bh5 Kh7 24. Rfe1 Qd5 25. Re5 Qd7 26. Rce1 1-0

[Event "Porto Carras Summer Cup"]
[Site "Porto Carras - Greece"]
[Date "2008.07.18"]
[Round "8.2"]
[White "Zubarev, A"]
[Black "Valden, P"]
[Result "1-0"]
[WhiteElo "2517"]
[BlackElo "2193"]
[PlyCount "75"]
[EventDate "2008.07.12"]

1. e4 c5 2. Nf3 d6 3. d4 cxd4 4. Nxd4 Nf6 5. Nc3 g6 6. Be2 Bg7 7. O-O O-O 8.
Nb3 Nc6 9. Re1 Be6 10. Bf1 Rc8 11. Bg5 Ne5 12. Nd5 Bxd5 13. exd5 Nc4 14. Bxc4
Rxc4 15. Qd3 b5 16. c3 Qc7 17. Nd2 Rc5 18. Bxf6 Bxf6 19. Ne4 Rc4 20. b3 Rxc3
21. Nxc3 Qxc3 22. Qxb5 Qxa1 23. Rxa1 Bxa1 24. Qb7 Bd4 25. b4 Re8 26. Kf1 Kf8
27. g3 e6 28. a4 exd5 29. Qxd5 Bc3 30. Qxd6+ Re7 31. a5 f5 32. Qc5 Be5 33. b5
Kf7 34. f4 Bb2 35. b6 axb6 36. axb6 Rd7 37. b7 Rxb7 38. Qd5+ 1-0

[Event "Porto Carras Summer Cup"]
[Site "Porto Carras - Greece"]
[Date "2008.07.18"]
[Round "8.3"]
[White "Ris, R"]
[Black "Makropoulou, M"]
[Result "1-0"]
[WhiteElo "2415"]
[BlackElo "2244"]
[PlyCount "103"]
[EventDate "2008.07.12"]

1. e4 e5 2. Nf3 Nc6 3. Bb5 a6 4. Ba4 Nf6 5. O-O b5 6. Bb3 Be7 7. d4 Nxe4 8.
dxe5 O-O 9. Bd5 Nc5 10. Nc3 Rb8 11. Ne4 Nxe4 12. Bxe4 Bb7 13. Bf4 f6 14. Qd3
fxe5 15. Bxh7+ Kh8 16. Nxe5 Nxe5 17. Bxe5 d6 18. Qh3 Bh4 19. Bg3 Kxh7 20. Bxh4
Qc8 21. Qxc8 Rbxc8 22. Rfe1 Rce8 23. f3 Kg6 24. Kf2 Bc8 25. c3 Bd7 26. Rxe8
Rxe8 27. Re1 Rxe1 28. Kxe1 Kf5 29. Bd8 c6 30. Ke2 Be6 31. a3 Bb3 32. Ke3 g6 33.
h4 Bf7 34. Be7 Ke6 35. Bf8 Ke5 36. Bg7+ Ke6 37. Kf4 a5 38. Kg5 a4 39. g4 Be8
40. Bf8 Kf7 41. Bxd6 Bd7 42. h5 gxh5 43. Kxh5 Be6 44. f4 Bb3 45. f5 Kf6 46. Kh4
Bc2 47. Kg3 Bb1 48. Kf4 Bc2 49. g5+ Kf7 50. g6+ Ke8 51. Kg5 Kd7 52. Bc5 1-0

[Event "Porto Carras Summer Cup"]
[Site "Porto Carras - Greece"]
[Date "2008.07.18"]
[Round "8.5"]
[White "Karlovich, A"]
[Black "Teloudis, A"]
[Result "0-1"]
[WhiteElo "2242"]
[BlackElo "2295"]
[PlyCount "78"]
[EventDate "2008.07.12"]

1. e4 e6 2. d4 d5 3. Nc3 Bb4 4. Qd3 dxe4 5. Qxe4 Nf6 6. Qh4 c5 7. dxc5 Bxc3+ 8.
bxc3 Qc7 9. Nf3 Nbd7 10. Bg5 Qxc5 11. Qd4 Ne4 12. Be3 Qxc3+ 13. Qxc3 Nxc3 14.
Bd4 Ne4 15. Bxg7 Rg8 16. Bb2 a6 17. Bd3 Ndc5 18. Bd4 Rxg2 19. Ke2 Nxd3 20. cxd3
Ng5 21. h4 Nxf3 22. Kxf3 Rg6 23. h5 Rg5 24. Rag1 Rf5+ 25. Ke3 e5 26. Rg8+ Kd7
27. Bb6 Kc6 28. Ba5 b6 29. Rc1+ Kb5 30. Bd2 Bb7 31. Rb1+ Kc6 32. Rg4 Rxh5 33.
Rc4+ Kd7 34. Rxb6 Rh3+ 35. f3 Bxf3 36. Rc1 Rg8 37. Bb4 Bd5+ 38. Kd2 Rh2+ 39.
Kd1 Rg1+ 0-1

[Event "Porto Carras Summer Cup"]
[Site "Porto Carras - Greece"]
[Date "2008.07.18"]
[Round "8.7"]
[White "Jevtic, Mir"]
[Black "Pavlidis, Anastasios"]
[Result "0-1"]
[WhiteElo "2174"]
[BlackElo "2270"]
[PlyCount "118"]
[EventDate "2008.07.12"]

1. d4 Nf6 2. c4 g6 3. Nc3 Bg7 4. e4 d6 5. Nf3 O-O 6. h3 c5 7. Be2 cxd4 8. Nxd4
Nc6 9. Be3 Bd7 10. O-O Nxd4 11. Bxd4 Bc6 12. Qd3 Rc8 13. Rad1 Qa5 14. a3 a6 15.
b4 Qc7 16. a4 b6 17. b5 Bb7 18. Qe3 Nd7 19. bxa6 Bxd4 20. Qxd4 Bxa6 21. Nd5 Qd8
22. Rb1 Rc5 23. Rb4 e6 24. Ne3 Ne5 25. Ng4 Nxg4 26. hxg4 d5 27. Rd1 Qc7 28.
exd5 exd5 29. Rdb1 Bxc4 30. Bxc4 dxc4 31. Qc3 Rc6 32. g3 Rd8 33. Re1 Rc5 34.
Re4 Qc6 35. Re1 h5 36. Rb5 Rxb5 37. axb5 Qxb5 38. gxh5 Qxh5 39. Qxc4 Rd1 40.
Qc8+ Kh7 41. Rxd1 Qxd1+ 42. Kg2 Qd5+ 43. f3 b5 44. Qe8 Qc4 45. g4 b4 46. Qe2
Kg7 47. Qe5+ Kf8 48. Qb8+ Ke7 49. f4 b3 50. Kg3 Qc3+ 51. Kh4 b2 52. Kg5 Qc1 53.
Qe5+ Kd7 54. Qd5+ Kc8 55. Qa8+ Kc7 56. Qa5+ Kc6 57. Qa8+ Kc5 58. Qa7+ Kd5 59.
Qxf7+ Ke4 0-1

[Event "Porto Carras Summer Cup"]
[Site "Porto Carras - Greece"]
[Date "2008.07.18"]
[Round "8.9"]
[White "Pountzas, H"]
[Black "Gamback, B"]
[Result "1/2-1/2"]
[WhiteElo "2202"]
[BlackElo "2203"]
[PlyCount "99"]
[EventDate "2008.07.12"]

1. c4 e5 2. Nc3 Nc6 3. Nf3 f5 4. d4 exd4 5. Nxd4 d6 6. g3 Nxd4 7. Qxd4 Nf6 8.
Bg2 Be7 9. b3 O-O 10. Bb2 Qe8 11. O-O Kh8 12. Rad1 Qg6 13. e3 Ng4 14. Nd5 Bd8
15. c5 dxc5 16. Qxc5 Qf7 17. h3 Nh6 18. Nf4 c6 19. Nh5 Be7 20. Qe5 Rg8 21. Bf3
Qf8 22. Qc7 Nf7 23. h4 Nh6 24. Rd3 Ng4 25. Rfd1 Nf6 26. Nxf6 gxf6 27. h5 h6 28.
Kg2 Rg7 29. Ba1 Kh7 30. Kh2 Bc5 31. Qf4 Be6 32. Kg2 Re8 33. e4 Rg5 34. e5 fxe5
35. Bxe5 Be7 36. Qd4 c5 37. Qa4 b6 38. Bf4 Rg7 39. Qc6 Bf6 40. Rd6 Rge7 41. Bd5
Qf7 42. Rxe6 Rxe6 43. Bxe6 Rxe6 44. Qc8 Bd4 45. Rd2 Re1 46. Qc7 Re7 47. Qd6 Re6
48. Qd5 Qf6 49. Qf3 Re4 50. Bb8 1/2-1/2

[Event "Porto Carras Summer Cup"]
[Site "Porto Carras - Greece"]
[Date "2008.07.18"]
[Round "8.10"]
[White "Pavlidou, E"]
[Black "Gutmann, Alois"]
[Result "1-0"]
[WhiteElo "2034"]
[BlackElo "2039"]
[PlyCount "99"]
[EventDate "2008.07.12"]

1. d4 e6 2. c4 b6 3. Nc3 Bb4 4. Qc2 Bb7 5. a3 Bxc3+ 6. Qxc3 f5 7. Nf3 Nf6 8. g3
O-O 9. Bg2 Be4 10. O-O Qc8 11. b4 Qb7 12. Rd1 Nc6 13. Bb2 Ne7 14. Ne1 Bxg2 15.
Nxg2 Ng6 16. d5 e5 17. Qc2 f4 18. gxf4 exf4 19. f3 Rae8 20. Rd4 c5 21. dxc6
Qxc6 22. Nxf4 Nxf4 23. Rxf4 d5 24. Kh1 dxc4 25. Rxc4 Qe6 26. Bxf6 Rxf6 27. Re4
Rc8 28. Rxe6 Rxc2 29. Re7 Kf8 30. Rxa7 Rxe2 31. Rc1 Rxf3 32. Rc8+ Re8 33. Rxe8+
Kxe8 34. Rxg7 Rxa3 35. Rxh7 Rb3 36. Rh4 Rb2 37. Rf4 Ke7 38. h4 Rc2 39. h5 Rc6
40. Kg2 Rh6 41. Rf5 Rc6 42. Kg3 Ke6 43. Kg4 Rc4+ 44. Rf4 Rc1 45. Kg5 Rg1+ 46.
Rg4 Rf1 47. h6 Rc1 48. Kg6 Ke5 49. h7 Rc6+ 50. Kh5 1-0

[Event "Porto Carras Summer Cup"]
[Site "Porto Carras - Greece"]
[Date "2008.07.19"]
[Round "9.1"]
[White "Kutirov, R"]
[Black "Zubarev, A"]
[Result "0-1"]
[WhiteElo "2372"]
[BlackElo "2517"]
[PlyCount "68"]
[EventDate "2008.07.12"]

1. d4 Nf6 2. c4 e6 3. Nf3 c5 4. d5 b5 5. Bg5 b4 6. Nbd2 h6 7. Bh4 Be7 8. Bxf6
Bxf6 9. Qc2 O-O 10. g3 d6 11. Bg2 exd5 12. cxd5 Re8 13. e3 Nd7 14. O-O Nb6 15.
Rfd1 a5 16. Bf1 a4 17. Rac1 Nxd5 18. Bb5 Bd7 19. Bxd7 Qxd7 20. Nc4 Qe6 21. Qd2
Nc3 22. bxc3 Qxc4 23. cxb4 Qe4 24. Qe2 cxb4 25. Rc4 Qb7 26. Rb1 b3 27. a3 Qa6
28. Kf1 d5 29. Rb4 Be7 30. Rb5 Bxa3 31. Nd4 Qg6 32. Ra1 Be7 33. Rxd5 Qe4 34.
Qb5 Qh1+ 0-1

[Event "Porto Carras Summer Cup"]
[Site "Porto Carras - Greece"]
[Date "2008.07.19"]
[Round "9.2"]
[White "Pavlidis, Anastasios"]
[Black "Kanakaris, G"]
[Result "1/2-1/2"]
[WhiteElo "2270"]
[BlackElo "2284"]
[PlyCount "46"]
[EventDate "2008.07.12"]

1. d4 d5 2. c4 c6 3. Nf3 Nf6 4. Nc3 a6 5. c5 Nbd7 6. Bf4 Nh5 7. Bd2 Nhf6 8. Rc1
g6 9. h3 Bg7 10. Bf4 O-O 11. e3 Ne8 12. e4 dxe4 13. Nxe4 Ndf6 14. Nxf6+ Nxf6
15. Bc4 Nd5 16. Bg3 Qa5+ 17. Kf1 Bh6 18. Rc2 Bf5 19. Re2 Rad8 20. Kg1 Qb4 21.
Qb3 Qxb3 22. Bxb3 Rfe8 23. Kh2 Bd3 1/2-1/2

[Event "Porto Carras Summer Cup"]
[Site "Porto Carras - Greece"]
[Date "2008.07.19"]
[Round "9.3"]
[White "Teloudis, A"]
[Black "Ris, R"]
[Result "0-1"]
[WhiteElo "2295"]
[BlackElo "2415"]
[PlyCount "60"]
[EventDate "2008.07.12"]

1. e4 e5 2. Nf3 Nc6 3. Bc4 Be7 4. d4 d6 5. h3 Nf6 6. Nc3 exd4 7. Nxd4 Bd7 8.
Be3 a6 9. a4 O-O 10. O-O Re8 11. f4 Bf8 12. Qf3 Nb4 13. Bd3 c5 14. Nde2 Rc8 15.
b3 Bc6 16. Ng3 d5 17. exd5 Nfxd5 18. Nxd5 Bxd5 19. Qf2 Rxe3 20. Qxe3 c4 21.
Bxh7+ Kxh7 22. Qe5 cxb3 23. cxb3 Rc2 24. Ne2 g6 25. Rad1 Bd6 26. Rxd5 Nxd5 27.
Qe4 Ne3 28. f5 Rxe2 29. fxg6+ fxg6 30. Qxb7+ Kh6 0-1

[Event "Porto Carras Summer Cup"]
[Site "Porto Carras - Greece"]
[Date "2008.07.19"]
[Round "9.4"]
[White "Nikolaidis, K"]
[Black "Demuth, M"]
[Result "0-1"]
[WhiteElo "2279"]
[BlackElo "2252"]
[PlyCount "98"]
[EventDate "2008.07.12"]

1. d4 e6 2. c4 b6 3. a3 Ba6 4. Qc2 c6 5. Nf3 d5 6. Nbd2 Nf6 7. g3 Be7 8. Bg2
O-O 9. O-O Nbd7 10. b4 Rc8 11. Rb1 dxc4 12. Nxc4 c5 13. dxc5 bxc5 14. b5 Bb7
15. Nfd2 Bxg2 16. Kxg2 Qc7 17. Kg1 Ng4 18. Nf3 Bf6 19. Bb2 Nde5 20. Bxe5 Nxe5
21. Nfxe5 Bxe5 22. Rfd1 h5 23. Qe4 Bf6 24. Rd3 Rfd8 25. e3 Rxd3 26. Qxd3 Rd8
27. Qe4 Rd5 28. Kg2 h4 29. a4 Qb7 30. Qf3 e5 31. g4 h3+ 32. Kxh3 e4 33. Qf4 Qe7
34. a5 Bg5 35. Qb8+ Kh7 36. b6 axb6 37. a6 Qf6 38. Qg3 Rd8 39. Rxb6 Qa1 40. Qg2
g6 41. Nd6 Kg7 42. Nxe4 Rh8+ 43. Kg3 Bh4+ 44. Kf4 Re8 45. Ng3 Qe5+ 46. Kf3 Qd5+
47. e4 Qd3+ 48. Kf4 g5+ 49. Kf5 Qd7+ 0-1

[Event "Porto Carras Summer Cup"]
[Site "Porto Carras - Greece"]
[Date "2008.07.19"]
[Round "9.5"]
[White "Mihailidis, A"]
[Black "Pavlidou, E"]
[Result "1/2-1/2"]
[WhiteElo "2265"]
[BlackElo "2034"]
[PlyCount "34"]
[EventDate "2008.07.12"]

1. e4 c5 2. Nf3 e6 3. c3 d5 4. exd5 Qxd5 5. d4 Nf6 6. Na3 a6 7. Nc4 Qd8 8. Nce5
Be7 9. Be2 cxd4 10. Qxd4 Qxd4 11. Nxd4 O-O 12. Bf3 Nbd7 13. Nd3 Re8 14. Be2 e5
15. Nb3 b6 16. O-O Bb7 17. Be3 Nd5 1/2-1/2

[Event "Porto Carras Summer Cup"]
[Site "Porto Carras - Greece"]
[Date "2008.07.19"]
[Round "9.7"]
[White "Jevtic, Mir"]
[Black "Klimentov, R"]
[Result "1-0"]
[WhiteElo "2174"]
[BlackElo "2271"]
[PlyCount "159"]
[EventDate "2008.07.12"]

1. d4 Nf6 2. c4 c5 3. dxc5 e6 4. Nc3 Bxc5 5. Nf3 O-O 6. e3 Nc6 7. Bd3 d5 8. O-O
a6 9. cxd5 exd5 10. a3 Bg4 11. b4 Bd6 12. Be2 Rc8 13. Bb2 Bb8 14. h3 Bh5 15.
Nd4 Qd6 16. g3 Bxe2 17. Ncxe2 Ne5 18. Ra2 h5 19. Nf4 g6 20. Nf3 Ned7 21. Ng5 h4
22. gxh4 Rc4 23. Re1 Rxf4 24. exf4 Qxf4 25. Qf3 Qc4 26. Raa1 Nh5 27. Rac1 Qxh4
28. Qg4 Qxg4+ 29. hxg4 Nhf6 30. Rcd1 Nxg4 31. Rxd5 Ndf6 32. Bxf6 Nxf6 33. Rd4
Ba7 34. Rf4 Nd5 35. Rf3 f5 36. Rd3 Nf6 37. Re7 Bxf2+ 38. Kxf2 Ne4+ 39. Kg2 Nxg5
40. Rd6 Rf7 41. Rxg6+ Kf8 42. Rxf7+ Nxf7 43. Rf6 Ke7 44. Rxf5 Nd6 45. Rh5 Kd7
46. Kf2 Kc6 47. Ke1 Kb6 48. Rh6 Kc7 49. Kd1 Nc4 50. Rh3 a5 51. Kc2 axb4 52.
axb4 Kc6 53. Kc3 Nd6 54. Rh6 Kd5 55. Kd3 Nc4 56. Rh5+ Ne5+ 57. Ke3 Kd6 58. Kd4
Nc6+ 59. Kc4 Ne5+ 60. Kb5 Nd7 61. Rh7 Kc7 62. Ka5 Kc6 63. b5+ Kd6 64. Kb4 Kc7
65. Kc4 Kd6 66. Kd4 Nc5 67. Rh6+ Ne6+ 68. Kc4 b6 69. Rh8 Nc5 70. Rc8 Nd7 71.
Kd4 Ne5 72. Ke4 Nd7 73. Rc6+ Ke7 74. Rh6 Nf6+ 75. Kd4 Ke6 76. Rxf6+ Kxf6 77.
Kd5 Ke7 78. Kc6 Kd8 79. Kxb6 Kc8 80. Ka7 1-0

[Event "Porto Carras Summer Cup"]
[Site "Porto Carras - Greece"]
[Date "2008.07.19"]
[Round "9.9"]
[White "Gamback, B"]
[Black "Papadopoulos, Agath"]
[Result "1-0"]
[WhiteElo "2203"]
[BlackElo "2091"]
[PlyCount "45"]
[EventDate "2008.07.12"]

1. e4 e5 2. Nf3 Nc6 3. Nc3 Nf6 4. Be2 Bb4 5. Nd5 Bc5 6. O-O Nxe4 7. d3 Nf6 8.
Bg5 Be7 9. Nxe7 Qxe7 10. Re1 O-O 11. d4 exd4 12. Nxd4 Qe5 13. Nf3 Qxb2 14. Rb1
Qxa2 15. Bxf6 gxf6 16. Bd3 d6 17. Qc1 Kg7 18. Rb5 d5 19. c4 Bg4 20. cxd5 Bxf3
21. dxc6 Bxc6 22. Rg5+ Kh8 23. Qc3 1-0

[Event "Porto Carras Summer Cup"]
[Site "Porto Carras - Greece"]
[Date "2008.07.19"]
[Round "9.10"]
[White "Walseth, T"]
[Black "Pountzas, H"]
[Result "0-1"]
[WhiteElo "1988"]
[BlackElo "2202"]
[PlyCount "46"]
[EventDate "2008.07.12"]

1. d4 Nf6 2. c4 c5 3. d5 e5 4. Nc3 d6 5. e4 Be7 6. Be2 a6 7. Be3 Nbd7 8. Qd2
O-O 9. h3 Rb8 10. g4 b5 11. g5 b4 12. gxf6 bxc3 13. Qxc3 Nxf6 14. Bd3 Nh5 15.
Ne2 Nf4 16. O-O-O f5 17. Qd2 Nxd3+ 18. Qxd3 fxe4 19. Qd2 Rb4 20. Qc2 a5 21. a3
Rb7 22. Ng3 Bg5 23. Qxe4 Rxf2 0-1